Word Ladder: A Beautiful Mind Quiz Stats

 Plays Quiz not verified by Sporcle

Score 0/11 Timer 03:00
1 Play Today
Hint Word % Correct
Ice-cream holderCONE
98%
A flat metal piece used as moneyCOIN
97.8%
Vegetable often served on a cobCORN
97.8%
A walking stickCANE
97.2%
Innermost partCORE
96.4%
Make contact or come togetherJOIN
94.5%
A matter for Sherlock HolmesCASE
94.4%
*First name of main character**JOHN*
92.5%
Army outpostBASE
87.2%
*Last name of main character**NASH*
69.5%
Franklin & ____BASH
67.9%

You're not logged in!

Compare scores with friends on all Sporcle quizzes.
OR
Log In

Show Comments

Extras

Top Quizzes Today


Score Distribution

Your Account Isn't Verified!

In order to create a playlist on Sporcle, you need to verify the email address you used during registration. Go to your Sporcle Settings to finish the process.

Report this User

Report this user for behavior that violates our Community Guidelines.

Details: